Nové poznatky z genetiky a šľachtenia poľnohospodárskych rastlín : zborník zo 16. vedeckej konferencie, 21. - 22. október 2009 /

Uloženo v:
Podrobná bibliografie
Hlavní autor: Maliar, Tibor (Autor)
Další autoři: Šudyová, Valéria (Editor)
Médium: Kniha
Jazyk:slovenština
Vydáno: Piešťany : CVRV - Výskumný ústav rastlinnej výroby, 2009
Vydání:[1. vyd.]
Témata:
ISBN:9788089417049
On-line přístup: Získat plný text
Tagy: Přidat tag
Žádné tagy, Buďte první, kdo vytvoří štítek k tomuto záznamu!

MARC

LEADER 00000nam a2200000 4500
003 SK-BrCVT
005 20220621162407.0
008 091109s2009 xo e ||||||slo d
020 |a 9788089417049  |z 97880894170409 
035 |a CVTIDW1512765 
040 |b slo  |a CVTI SR  |e AACR2 
041 0 |a slo 
044 |a xo 
080 |a 575:63  |2 UDC-MRF 
080 |a 631.52  |2 UDC-MRF 
080 |a 633/635  |2 UDC-MRF 
100 1 |a Maliar, Tibor  |4 aut 
245 1 0 |a Nové poznatky z genetiky a šľachtenia poľnohospodárskych rastlín :  |b zborník zo 16. vedeckej konferencie, 21. - 22. október 2009 /  |c Autori: Tibor Maliar ... [et al.] ; editor: Valéria Šudyová 
250 |a [1. vyd.] 
260 |a Piešťany :  |b CVRV - Výskumný ústav rastlinnej výroby,  |c 2009 
300 |a 142 s. :  |b fotogr., grafy, lit., obr., tab. ; 
653 1 |a genetika  |a šľachtenie rastlín  |a genetický marker  |a genotyp  |a biologický materiál  |a geneticky modifikovaná rastlina 
700 1 |a Šudyová, Valéria  |4 edt 
910 |b A609194 
919 |a 978-80-89417-04-9 
974 |f Knihy 
992 |a AZN 
999 |c 150161  |d 150161